Normal view
MARC view
- Meetings.
Entry Topical Term
001 - CONTROL NUMBER
- control field: 36256
003 - CONTROL NUMBER IDENTIFIER
- control field: NUST
005 - DATE AND TIME OF LATEST TRANSACTION
- control field: 20210312163948.0
008 - FIXED-LENGTH DATA ELEMENTS
- fixed length control field: 210312|| aca||aabn | a|a d
040 ## - CATALOGING SOURCE
- Original cataloging agency: NUST
- Transcribing agency: NUST
150 ## - HEADING--TOPICAL TERM
- Topical term or geographic name entry element: Meetings.
- Topical term following geographic name entry element: MCE
670 ## - SOURCE DATA FOUND
- Source citation: Work cat.: (NUST): Hegarty, Edward J. 36255, How to run better meetings , 1981, c1957.
